| 000 | 03471 a2200145 4500 | ||
|---|---|---|---|
| 003 | OSt | ||
| 005 | 20260205164214.0 | ||
| 008 | 260205b |||||||| |||| 00| 0 eng d | ||
| 100 |
_aलांजेकर ज . _9216642 |
||
| 245 | _a महात्मा फुलेंची उद्यमशीलता | ||
| 260 |
_bभारतीय विचार साधना प्रकाशन _c2019 _aपुणे |
||
| 300 | _a183PP. | ||
| 520 | _aहात्मा जोतीराव फुले हे केवळ महान समाजसुधारकच नव्हे, तर एक दूरदृष्टीचे उद्योजक आणि राष्ट्रउभारणी करणारे 'नेशन बिल्डर' होते. त्यांनी १८६३ मध्ये पुण्यात धातू-कास्टिंग (Metal Casting) उपकरणे पुरवण्याचा व्यवसाय सुरू केला आणि कंत्राटदार म्हणून काम करून आर्थिक सक्षमीकरण साध्य केले. व्यवसायातील नफ्यातून त्यांनी सामाजिक कार्याला निधी दिला, जे आजच्या 'कॉर्पोरेट सोशल रिस्पॉन्सिबिलिटी'चे (CSR) पूर्वसूचक मानले जाते. Wikipedia +2 महात्मा फुलेंच्या उद्यमशीलतेची प्रमुख वैशिष्ट्ये: सक्षम कंत्राटदार व उद्योजक: १८६३ मध्ये पुणे नगरपालिका क्षेत्रात धातूच्या वस्तूंचा व्यवसाय आणि कंत्राटदारी यशस्वीरित्या केली. सामाजिक कार्यासाठी निधी: व्यवसायातून मिळालेल्या उत्पन्नाचा वापर त्यांनी दलित, महिला व शेतकऱ्यांच्या शिक्षणासाठी आणि समाजसुधारणेसाठी केला. आर्थिक स्वावलंबनाचा विचार: 'शेतकऱ्याचा आसूड' या पुस्तकातून शेती सुधारणेचे व आर्थिक स्वावलंबनाचे महत्त्व मांडले. पुणे नगरपालिकेत आयुक्त: १८७६ ते १८८३ या काळात पुणे नगरपालिकेत काम करताना त्यांनी मुलभूत सुविधांवर भर दिला. Wikipedia +3 फुले यांचा असा ठाम विश्वास होता की, सामाजिक क्रांतीसाठी आर्थिक स्थिरता अत्यंत आवश्यक आहे. त्यांचे जीवन सामाजिक सुधारणा आणि व्यवसाय यांचा समतोल कसा साधावा, याचा उत्तम आदर्श आहे. | ||
| 942 |
_cBK _2ddc |
||
| 999 |
_c370054 _d370054 |
||